Science Quiz

Random Science or Clickable Quiz

Alternative Computing Definitions Quiz Stats

 Plays Quiz Updated May 16, 2019

Score 0/18 Timer 02:30
1 Play Today
% Correct
Mouse
93.9%
Safari
93.1%
Cloud
92.7%
Virus
92.3%
Android
91.9%
Spam
91.7%
Drive
90%
Windows
89.8%
Application
89.7%
% Correct
Outlook
89.4%
Hacker
88.5%
Host
86.5%
Terminal
86.2%
Domain
85.5%
Speaker
85.5%
Monitor
85.1%
Screen
80.5%
Browser
78.4%

You're not logged in!

Compare scores with friends on all Sporcle quizzes.
OR
Log In

Show Comments

Extras

Top Quizzes Today


Score Distribution

Your Account Isn't Verified!

In order to create a playlist on Sporcle, you need to verify the email address you used during registration. Go to your Sporcle Settings to finish the process.

Report this User

Report this user for behavior that violates our Community Guidelines.

Details: